Statistics for Mentioned Countries in "Geography Now - Benin"

Click here to take the quiz!

General Stats

  • This quiz has been taken 17 times
  • The average score is 11 of 21

Answer Stats

#Country% Correct
11Togo
100%
40Benin
93%
6France
93%
3Burkina Faso
87%
3Niger
87%
8Nigeria
87%
1Guinea
80%
3China
73%
4Russia
60%
1Germany
53%
1Portugal
53%
1Brazil
47%
2Angola
33%
1Bhutan
27%
1Cape Verde
27%
1Sweden
27%
1Belize
20%
1Namibia
20%
1Venezuela
13%
3Albania
7%
1Haiti
7%

Score Distribution

Percentile by Number Answered

Percent of People with Each Score

Your Score History

You have not taken this quiz